Philosophical foundations for the practices of ecology (Record no. 282271)

MARC details
000 -LEADER
fixed length control field 00737nam a2200229Ia 4500
008 - FIXED-LENGTH DATA ELEMENTS--GENERAL INFORMATION
fixed length control field 191130s2010##################000#0#eng##
020 ## - INTERNATIONAL STANDARD BOOK NUMBER
ISBN 9780521115698
082 ## - DEWEY DECIMAL CLASSIFICATION NUMBER
Classification number 577.01 REI
100 ## - MAIN ENTRY--AUTHOR NAME
Personal name Reiners, William A
245 ## - TITLE STATEMENT
Title Philosophical foundations for the practices of ecology
Statement of responsibility, etc William Reiners, Jeffrey A. Lockwood
250 ## - EDITION STATEMENT
Edition statement 1st ed
260 ## - PUBLICATION, DISTRIBUTION, ETC. (IMPRINT)
Place of publication Cambridge
Name of publisher Cambridge University Press
Year of publication 2010
300 ## - PHYSICAL DESCRIPTION
Number of Pages xiii, 212 p. : ill. ; 24 cm
500 ## - GENERAL NOTE
General note Includes bibliographical references and index
650 ## - SUBJECT ADDED ENTRY--TOPICAL TERM
Topical Term Ecology - Philosophy
Topical Term Perspective (Philosophy)
700 ## - ADDED ENTRY--PERSONAL NAME
Personal name Lockwood, Jeffrey Alan
991 ## -
-- 257027
Holdings
Withdrawn status Lost status Damaged status Not for loan Home library Current library Shelving location Date acquired Full call number Accession Number Price effective from Koha item type
        Anna Centenary Library Anna Centenary Library 5TH FLOOR, A WING 15.10.2020 577.01 REI 196769 15.10.2020 English Books

Find us on the map